LEADER 03835nam 2200889 450 001 9910808108803321 005 20230807212404.0 010 $a0-520-27731-7 010 $a0-520-96032-7 024 7 $a10.1525/9780520960329 035 $a(CKB)3710000000325551 035 $a(EBL)1711064 035 $a(OCoLC)899156839 035 $a(SSID)ssj0001401588 035 $a(PQKBManifestationID)12604402 035 $a(PQKBTitleCode)TC0001401588 035 $a(PQKBWorkID)11370736 035 $a(PQKB)10098922 035 $a(MiAaPQ)EBC1711064 035 $a(DE-B1597)519246 035 $a(DE-B1597)9780520960329 035 $a(EXLCZ)993710000000325551 100 $a20150120h20152015 uy 0 101 0 $aeng 135 $aur|n|---||||| 181 $ctxt 182 $cc 183 $acr 200 10$aCheap on crime $erecession-era politics and the transformation of American punishment /$fHadar Aviram 210 1$aOakland, California :$cUniversity of California Press,$d2015. 210 4$dİ2015 215 $a1 online resource (267 p.) 300 $aIncludes index. 311 $a1-322-56746-8 311 $a0-520-27730-9 327 $aCover; Contents; List of Illustrations; Acknowledgments; Introduction; 1. Talking about Money and Punishment; 2. A Fiscal History of Mass Incarceration; 3. The Financial Crisis of 2007 and the Birth of Humonetarianism; 4. The New Correctional Discourse of Scarcity: From Ideals to Money on Death Row; 5. The New Coalitions of Financial Prudence: From Tough on Crime to the Drug Truce; 6. The New Carceral Wheeling and Dealing: From Incapacitation to the Inmate Export Business; 7. The New Inmate as a Fiscal Subject: From Ward to Consumer; 8. The Future of Humonetarianism; Notes; Index; A; B; C; D 327 $aEF; G; H; I; J; K; L; M; N; O; P; Q; R; S; T; U; V; W; X; Y; Z 330 $aAfter forty years of increasing prison construction and incarceration rates, winds of change are blowing through the American correctional system. The 2008 financial crisis demonstrated the unsustainability of the incarceration project, thereby empowering policy makers to reform punishment through fiscal prudence and austerity. In Cheap on Crime, Hadar Aviram draws on years of archival and journalistic research and builds on social history and economics literature to show the powerful impact of recession-era discourse on the death penalty, the war on drugs, incarceration practices, prison heal 606 $aCorrections$xEconomic aspects$zUnited States 606 $aPrisons$xEconomic aspects$zUnited States 610 $a21st century american history. 610 $aamerican correctional system. 610 $aamerican politics. 610 $aamerican prison system. 610 $aamerican studies. 610 $aausterity. 610 $acultural studies. 610 $adeath penalty. 610 $aeconomics literature. 610 $afinancial crisis. 610 $agovernment and governing. 610 $agreat recession. 610 $aimprisonment. 610 $aincarceration practices. 610 $aincarceration rates. 610 $alegislation. 610 $amass incarceration. 610 $apolitical debate. 610 $apoliticians. 610 $aprison construction. 610 $aprison health care. 610 $aprison. 610 $arecession era discourse. 610 $asocial history. 610 $aunited states of america. 610 $awar on drugs. 615 0$aCorrections$xEconomic aspects 615 0$aPrisons$xEconomic aspects 676 $a364.60973/090511 700 $aAviram$b Hadar$01713110 801 0$bMiAaPQ 801 1$bMiAaPQ 801 2$bMiAaPQ 906 $aBOOK 912 $a9910808108803321 996 $aCheap on crime$94105826 997 $aUNINA LEADER 01588nas 2200493- 450 001 9910229854403321 005 20230815213017.0 035 $a(OCoLC)828746812 035 $a(CKB)991042727974674 035 $a(CONSER)--2013222360 035 $a(EXLCZ)99991042727974674 100 $a20130301b19811982 --- - 101 0 $aeng 135 $aur||||||||||| 181 $ctxt$2rdacontent 182 $cc$2rdamedia 183 $acr$2rdacarrier 200 00$aDrug law reporter 210 1$aHouston, Texas :$cNational College for Criminal Defense 215 $a1 online resource (1 volume) 311 $a0278-176X 606 $aNarcotic laws$zUnited States$vDigests 606 $aDrugs$xLaw and legislation$zUnited States$vDigests 606 $aNarcotic laws$zUnited States$vPeriodicals 606 $aDrugs$xLaw and legislation$zUnited States$vPeriodicals 606 $aDrugs$xLaw and legislation$2fast$3(OCoLC)fst00898830 606 $aNarcotic laws$2fast$3(OCoLC)fst01032848 607 $aUnited States$2fast 608 $aLaw digests.$2fast 608 $aDigests.$2fast 608 $aPeriodicals.$2fast 608 $aPeriodicals.$2lcgft 608 $aLaw digests.$2lcgft 615 0$aNarcotic laws 615 0$aDrugs$xLaw and legislation 615 0$aNarcotic laws 615 0$aDrugs$xLaw and legislation 615 7$aDrugs$xLaw and legislation. 615 7$aNarcotic laws. 712 02$aNational College for Criminal Defense (U.S.) 906 $aJOURNAL 912 $a9910229854403321 996 $aDrug law reporter$92029466 997 $aUNINA